Welcome to CU Library Online Public Access Catalogue (OPAC)

Philosophical foundations of education / (Record no. 2070)

MARC details
000 -LEADER
fixed length control field 00714cam a2200229 a 4500
001 - CONTROL NUMBER
control field 12655481
005 - DATE AND TIME OF LATEST TRANSACTION
control field 20241211161006.0
008 - FIXED-LENGTH DATA ELEMENTS--GENERAL INFORMATION
fixed length control field 020124s2003 njua b 001 0 eng
020 ## - INTERNATIONAL STANDARD BOOK NUMBER
International Standard Book Number 0130423998 (alk. paper)
050 00 - LIBRARY OF CONGRESS CALL NUMBER
Classification number LB14.7
Item number .O96 2003
082 00 - DEWEY DECIMAL CLASSIFICATION NUMBER
Classification number 370/.1
Edition information 21
100 1# - MAIN ENTRY--PERSONAL NAME
Personal name Ozmon, Howard.
245 10 - TITLE STATEMENT
Title Philosophical foundations of education /
Statement of responsibility, etc. Howard A. Ozmon, Samuel M. Craver.
250 ## - EDITION STATEMENT
Edition statement 7th ed.
260 ## - PUBLICATION, DISTRIBUTION, ETC.
Place of publication, distribution, etc. Upper Saddle River, N.J. :
Name of publisher, distributor, etc. Merrill,
Date of publication, distribution, etc. c2003.
300 ## - PHYSICAL DESCRIPTION
Extent x, 390 p. :
Other physical details ill. ;
Dimensions 24 cm.
650 #0 - SUBJECT ADDED ENTRY--TOPICAL TERM
Topical term or geographic name entry element Education
General subdivision Philosophy
-- History.
650 #0 - SUBJECT ADDED ENTRY--TOPICAL TERM
Topical term or geographic name entry element Education
General subdivision Aims and objectives.
650 #0 - SUBJECT ADDED ENTRY--TOPICAL TERM
Topical term or geographic name entry element Education
General subdivision Study and teaching.
700 1# - ADDED ENTRY--PERSONAL NAME
Personal name Craver, Samuel M.
942 ## - ADDED ENTRY ELEMENTS (KOHA)
Source of classification or shelving scheme Library of Congress Classification
Koha item type Books
Suppress in OPAC No
999 ## -
-- 2070
-- 2070
Holdings
Withdrawn status Lost status Source of classification or shelving scheme Damaged status Not for loan Collection Home library Current library Date acquired Total checkouts Full call number Barcode Date last seen Copy number Price effective from Koha item type
    Library of Congress Classification     Non-fiction Undergraduate Library (Christ Temple) Undergraduate Library (Christ Temple) 12/11/2024   LB14.7.O96 OZM ulct00000595 12/11/2024 1 12/11/2024 Books
    Library of Congress Classification     Non-fiction Undergraduate Library (Christ Temple) Undergraduate Library (Christ Temple) 12/11/2024   LB14.7.O96 OZM ulct00000596 12/11/2024 2 12/11/2024 Books
© 2023-2024 Copyright: Central University Libraries. All Rights Reserved | Created by: Mahone Tech Office